Zendavesta or the religious books of the Zoroastrians. (Record no. 151641)

MARC details
000 -LEADER
campo de control de longitud fija 00950nam a22002655i 4500
001 - NÚMERO DE CONTROL
campo de control 151641
003 - IDENTIFICADOR DE NÚMERO DE CONTROL
campo de control ES-MaACL
005 - FECHA Y HORA DE LA ÚLTIMA TRANSACCIÓN
campo de control 20230906204316.0
008 - DATOS DE LONGITUD FIJA--INFORMACIÓN GENERAL
campo de control de longitud fija 980824m18529999dk |||| | eng d
040 ## - FUENTE DE CATALOGACIÓN
Centro catalogador/agencia de origen CCPB | B
Lengua de catalogación spa
Centro/agencia transcriptor CCPB | B
080 ## - NÚMERO DE LA CLASIFICACIÓN DECIMAL UNIVERSAL
Número de la Clasificación Decimal Universal 295.48
080 ## - NÚMERO DE LA CLASIFICACIÓN DECIMAL UNIVERSAL
Número de la Clasificación Decimal Universal 295:291.8
130 0# - ENTRADA PRINCIPAL--TÍTULO UNIFORME
Título uniforme Avesta.
9 (RLIN) 135258
245 10 - MENCIÓN DEL TÍTULO
Título Zendavesta or the religious books of the Zoroastrians.
Número de parte o sección de la obra Vol. I,
Nombre de parte o sección de la obra The Zend texts /
Mención de responsabilidad, etc. Edited and translated with a dictionary, Grammar &c. by N. L. Westergaard.
260 ## - PUBLICACIÓN, DISTRIBUCIÓN, ETC.
Lugar de publicación, distribución, etc. Copenhagen :
Nombre del editor, distribuidor, etc. Berling brothers : Gyldendal,
Fecha de publicación, distribución, etc. 1852-54.
300 ## - DESCRIPCIÓN FÍSICA
Extensión 1 v. (486 p.) ;
Dimensiones 28 cm.
594 ## - Nota al título y mención de responsabilidad
Nota al título y mención de responsabilidad Texto en avestico precedido de una introducción en inglés.
596 ## - NOTA AL PIE DE IMPRENTA
NOTA AL PIE DE IMPRENTA En portada figuran 2 fechas : 1852-54.
650 #4 - PUNTO DE ACCESO ADICIONAL DE MATERIA--TÉRMINO DE MATERIA
Término de materia o nombre geográfico como elemento de entrada Zoroastrismo.
9 (RLIN) 147503
650 14 - PUNTO DE ACCESO ADICIONAL DE MATERIA--TÉRMINO DE MATERIA
Término de materia o nombre geográfico como elemento de entrada Zaratustra.
9 (RLIN) 221698
700 1# - ENTRADA AGREGADA--NOMBRE PERSONAL
Nombre de persona Westergaard, Niels Ludvig.
9 (RLIN) 147502
852 ## - LOCALIZACIÓN
Ubicación ES-MaACL
Número de control de estantería G-11633
Nota libre -- Enc. hol.
Holdings
Estatus retirado Estado de pérdida Estado de daño No para préstamo Colección Biblioteca de origen Biblioteca actual Ubicación en estantería Fecha de adquisición Total de préstamos Signatura topográfica completa Código de barras Visto por última vez Precio de reemplazo Tipo de ítem Koha
        Libros del s. XIX Biblioteca del Ateneo de Madrid Biblioteca del Ateneo de Madrid Sala Pecera Planta 3 17/01/2008   G-11633 1158250 23/02/2023 23/02/2023 Libro impreso antiguo